000 00221nam a22000857a 4500
008 160629b xxu||||| |||| 00| 0 eng d
100 _91407
_aMinhas, D.S
245 _aOperate Computers Yourself
260 _aN.D
_b Dreamland
_c2001
999 _c1165
_d1165